000 00629nam a2200241 a 4500
001 0001-1127
003 ELIB.Books
008 150504 2010 eng
020 _a9780192802903
035 _a(ELIB.Books)0001-1282
092 _aD
_bCro
100 _aCross, F. L
245 _aThe Oxford Dictionary of the Christian Church
260 _aOxford
_bUniversity Press
_c2005
300 _a1800
_c23.5 Cm
500 _aC/o Moe Lwei
650 _aDictionary
856 _nKBTS: Library
_uKBTS: Elib
942 _2ddc
_cBK
990 _a2
998 _cbat
_e2015-05-04
_mcat
_u2020-05-23
999 _c11127
_d11127